Sveriges Landskap - Statistics

General Stats
  • This quiz has been taken 143 times
  • The average score is 20 of 25
Answer Stats
Answer % Correct
Skåne
96%
Dalarna
92%
Lappland
90%
Småland
90%
Blekinge
87%
Norrbotten
86%
Uppland
86%
Halland
84%
Södermanland
83%
Västerbotten
83%
Västergötland
81%
Bohuslän
80%
Gotland
80%
Östergötland
80%
Värmland
80%
Närke
78%
Öland
77%
Jämtland
76%
Medelpad
74%
Ångermanland
71%
Dalsland
66%
Gästrikland
65%
Härjedalen
65%
Hälsingland
62%
Västmanland
60%
No matching quizzes found
Score Distribution
Percent of People with Each Score
Percentile by Number Answered
Your Score History
You have not taken this quiz